000
00273nam a2200097Ia 4500
008
220204s9999 xx 000 0 und d
082
_a
677(540)
_b
HAN
245
0
_a
Handbook of Indian cotton textile industry 1965/66
260
_a
Bombay
_b
Cotton textile EPC
_c
1966
942
_c
BK
999
_c
21539
_d
21539